College Quizbowl Stats
College Quizbowl Stats
Circuits
Seasons
Sets
Records
Detailed Stats
About
Loading...
Northeast
Tossups
Bonuses
Players
Teams
Categories (Tossup)
Categories (Bonus)
Micah Lauzon
Toronto Metropolitan A
Categories
Category
Powers
Gets
Negs
BBs
Points
Earliest Buzz
Avg. Buzz
First Buzzes
Top 3 Buzzes
BPA
PVF
History - World
0
1
0
0
10
95
95.00
0
0
0.00
0.00
Philosophy
0
0
0
0
0
0.00
0
0
0.00
0.00
Fine Arts - Painting and Sculpture
0
0
1
0
-5
0.00
0
0
0.00
0.00
Literature - World
0
0
1
0
-5
0.00
0
0
0.00
0.00
Buzzes
Category
Answer
Value
Buzz Position
Fine Arts - Painting and Sculpture
neoclassicism
-5
94
History - World
Empress Wu
10
95
Literature - World
Great Expectations
-5
122
Philosophy
Henri-Louis Bergson
0
124
Previous
1
Next